LEADER 00836nam0-22003011i-450- 001 990002009200403321 005 20130326150340.0 035 $a000200920 035 $aFED01000200920 035 $a(Aleph)000200920FED01 035 $a000200920 100 $a20030910d1963----km-y0itay50------ba 101 0 $aeng 102 $aGB 105 $ay---a---001yy 200 1 $aAdvances in parasitology$fedited by Ben Dawes 210 $aLondon ; New York$cAcademic Press$d1963 215 $a5 v. (347,332,315,408,319 p.)$d23 cm 610 0 $aParassitologia 676 $a616.96 702 1$aDawes,$bBen 801 0$aIT$bUNINA$gRICA$2UNIMARC 901 $aBK 912 $a990002009200403321 952 $a61 III D.5/52-56$b1655,1836,2523,2753,2777$fDAGEN 959 $aDAGEN 996 $aAdvances in parasitology$9402534 997 $aUNINA LEADER 01013nam a2200265 i 4500 001 991002177909707536 005 20020508191804.0 008 010321s1976 de ||| | ger 020 $a3487059509 035 $ab1097068x-39ule_inst 035 $aPARLA156739$9ExL 040 $aDip.to Filol. Class. e di Scienze Filosofiche$bita 082 0 $a002.0938 100 1 $aBirt, Theodor$0182536 245 14$aDie Buchrolle in der Kunst :$barchäologisch-antiquarische Untersuchungen zum antiken Buchwesen /$cTheodor Birt 260 $aHildesheim ; New York :$bOlms,$c1976 300 $aix, 352 p. :$bill. 20 cm 500 $aFacs. dell'ed.: Leipzig : Teubner, 1907 650 4$aLibri$yAntichità classica 907 $a.b1097068x$b02-04-14$c28-06-02 912 $a991002177909707536 945 $aLE007 b 610$g1$i2007000053997$lle007$o-$pE0.00$q-$rl$s- $t0$u0$v0$w0$x0$y.i11081363$z28-06-02 996 $aBuchrolle in der Kunst$9589757 997 $aUNISALENTO 998 $ale007$b01-01-01$cm$da $e-$fger$gde $h4$i1